000 00259nam a22000977a 4500
999 _c526689
_d526689
082 _aSNT YA6 L585
100 _aLewi, Grant
_946249
245 _aDo your own Horoscope in just 30 minutes!
_bBy Lewi, Grant
260 _aNew Delhi
_bJain
_c1999
300 _a475p